De los contratos (Registro nro. 161081)
[ vista simple ]
| 000 -LEADER | |
|---|---|
| fixed length control field | 01249nam a22002537a 4500 |
| 008 - FIXED-LENGTH DATA ELEMENTS--GENERAL INFORMATION | |
| fixed length control field | 111017s2009 cl |||||s|||| 00||0 spa d |
| 020 ## - INTERNATIONAL STANDARD BOOK NUMBER | |
| International Standard Book Number | 956-10-1558-7 |
| 035 ## - | |
| -- | 5789 |
| 040 ## - CATALOGING SOURCE | |
| Original cataloging agency | vLex |
| 090 ## - | |
| -- | 2661 |
| -- | 2661 |
| 100 1# - MAIN ENTRY--PERSONAL NAME | |
| Personal name | Alessandri Rodríguez, Arturo |
| 245 10 - TITLE STATEMENT | |
| Title | De los contratos |
| Medium | [Recurso electrónico] / |
| Statement of responsibility, etc | Arturo Alessandri Rodríguez |
| 256 ## - | |
| -- | Servicio en línea. |
| 260 ## - PUBLICATION, DISTRIBUTION, ETC. (IMPRINT) | |
| Place of publication, distribution, etc | [Chile] : |
| Name of publisher, distributor, etc | Editorial jurídica de Chile, |
| Date of publication, distribution, etc | 2011 |
| 300 ## - PHYSICAL DESCRIPTION | |
| Extent | 1 recurso electrónico |
| 500 ## - GENERAL NOTE | |
| General note | Esta obra clásica en materia de contratos corresponde a la versión original e inédita del profesor Alessandri. El volumen contiene tres capítulos referentes a nociones generales, clasificación y elementos constitutivos de los contratos. |
| 506 1# - RESTRICTIONS ON ACCESS NOTE | |
| Terms governing access | Contenido solo disponible en los productos indicados |
| Authorized users | vLex Global |
| -- | vLex Global (Academic Edition, excluding Law Schools) |
| -- | vLex Global (U.S. Academic Edition, Law Schools) |
| -- | vLex Global (U.S. Academic Edition, excluding Law Schools) |
| -- | vLex Global (Academic Edition, Law Schools) |
| 650 04 - SUBJECT ADDED ENTRY--TOPICAL TERM | |
| Topical term or geographic name as entry element | Contratos |
| 650 04 - SUBJECT ADDED ENTRY--TOPICAL TERM | |
| Topical term or geographic name as entry element | Derecho civil |
| 740 0# - | |
| -- | vLex Libros (Servicio en línea) |
| 856 40 - LOCALIZACIÓN Y ACCESO ELECTRÓNICO | |
| Identificador Uniforme del Recurso (URI/URL) | https://app.vlex.com/#/sources/contratos-5789 |
| 942 ## - | |
| -- | RAA |
| 999 ## - | |
| -- | 161081 |
| -- | 161081 |
No hay ítems disponibles.